000 00545nam a2200193Ia 4500
005 20250326124219.0
008 250326s9999 xx 000 0 und d
037 _aTextbook
040 _aFMSL
_beng
_cFMSL
041 _aeng
_2eng
084 _aX:51ot8 L0
_qFMSL
100 _aStaudt T A
_9737004
245 0 _aManagerial introduction to marketing
_cStaudt T A; Taylor D A
250 _a2
260 _aNew Jersey
_bNew Jersey, Prentice-Hall
_c1970
300 _a618p
942 _cTB
_hX:51ot8 L0
999 _c1272769
_d1272769